000 00558nam a2200169Ia 4500
003 GCL
008 140319s9999 xx 000 0 ara d
040 _aGCL /
_cGCL
082 0 4 _a184
_bع ا
100 1 _aعزمى طه السيد احمد
245 1 0 _aافلاطون: محاورة كرانيليوس فى فلسفة اللغة /
_cعزمى طه السيد احمد
300 _a211 ص
490 _aالهيئة العامة للاستعلامات
_v0
650 0 4 _aالفلسفة
650 0 4 _aالفلسفة الافلاطونية
942 _2ddc
_cBK
999 _c49751
_d49751